000 00701nam a2200241Ia 4500
005 20260121112541.0
008 6897 260114s9999 xx 000 0 eng d
020 _a9789812837943
037 _aEBOOK
040 _aCRL
_beng
_cCRL
041 _aeng
_2eng
084 _qCRL
100 _aChua Leon O
_9959417
245 0 _aNonlinear Dynamics Perspective of Wolfram'S New Kind of Science, a - Volume Iii
260 _bWorld Scientific
260 _bWSPC
260 _c2009
650 _aNonlinear Science, Chaos & Dynamical Systems
_9959418
856 _uhttps://www.worldscientific.com/worldscibooks/10.1142/7151#t=toc
942 _cEBOOK
999 _c1544197
_d1544197